000 00717nam a22002177a 4500
003 UA-OsUOA
001 110103
007 ta
008 20150217b un ||||| |||| 00| 0 ukr d
100 _aГаласа І.
090 _a81
_bГ15
942 _cSA
040 _aUA-OsUOA
_bukr
_cUA-OsUOA
_dUA-OsUOA
245 _aВід тривіального спілкування до ділової комунікації: еволюція термінів
300 _aС.76-79
955 _a0
041 _aukr
080 _a81
773 0 _w110094
_tМандрівець
_dТернопіль
_d2014
_g6
650 7 _a8 Мовознавство. Художня література. Літературознавство
_2UDC
999 _c396134
_d396134